{"text_format":"3","workbook":"xlsx","n_sheets":2,"sheets":["暂估价项目","Sheet3"],"read":"whole","date_system":"1900"}

{"sheet":"暂估价项目","index":0,"n_rows":15,"n_cols":8,"rows_kept":15,"merged":[[0,0,0,7]]}
["设备暂估价项目一览表"]
["序号","项目名称","型号规格","单位","数量","单价","总价","备注"]
[1,"汽、柴油装卸货油泵","1.名称:汽、柴油装卸货油泵\n2.型号:2HM4200-100 \n3.规格:型 号：2HM4200-100\n型 式：双吸双螺杆泵\n额定流量：300 m 3 /h压 力：1.0 MPa\n转 速：1450 r/min\n最大液货粘度：35 mm 2 /S\n电机型号：\n电机功率：132kW\n防爆等级：EXd ⅡBT4","台",2,{"v":168000,"d":"168000.00"},{"$f":"E3*F3","v":{"v":336000,"d":"336000.00"}}]
[2,"航煤装卸货油泵","1.名称:航煤装卸货油泵\n2.型号:2HM4200-100\n3.规格:\n型 式：双吸双螺杆泵\n额定流量：300 m 3 /h压 力：1.0 MPa\n转 速：1450 r/min\n最大液货粘度：35 mm 2 /S\n电机型号：\n电机功率：132kW\n防爆等级：EXd ⅡBT4","台",1,{"v":168000,"d":"168000.00"},{"v":168000,"d":"168000.00"}]
[3,"汽、柴扫舱泵","1.名称:汽、柴扫舱泵组 \n2.型号:BZYB30-1.0/A\n3.规格:型 式：摆动转子泵\n流 量：30 m 3 /h\n压 力：1.0 MPa\n转 速：730 r/min\n电机型号：YB2-225S-8\n电机功率：18.5 kW\n防爆等级：EXd ⅡBT4","台",2,{"v":65000,"d":"65000.00"},{"v":130000,"d":"130000.00"}]
[4,"航煤扫舱泵","1.名称:航煤扫舱泵组\n2.型号:BZYB30-1.0/A\n3.规格:型 式：摆动转子泵\n流 量：30 m 3 /h\n压 力：1.0 MPa\n转 速：730 r/min\n电机型号：YB2-225S-8\n电机功率：18.5 kW\n防爆等级：EXd ⅡBT4","台",1,{"v":60000,"d":"60000.00"},{"v":60000,"d":"60000.00"}]
[5,"消防给水泵","1.名称:库区消防给水泵\n2.型号:CIS125-100-315\n3.规格:型 号：CIS125-100-315\n流 量：200 m 3 /h\n扬 程：125m\n转 速：2950 r/min\n电 机：Y315S-2-H\n电机功率：110kW\n电 制：380V/50Hz\n4.质量:163","台",2,{"v":45000,"d":"45000.00"},{"v":90000,"d":"90000.00"}]
[6,"生活污水粉碎排放泵","1.名称:生活污水粉碎排放泵\n2.型号:1CWFZ-40 \n3.规格:型 式：船用卧式自吸粉碎泵\n流 量：10m 3 /h\n压 头：0.4MPa转 速：2900 r/min\n电机型号：Y132S1-2-H\n电机功率：5.5 kW\n电 制：AC380V/50Hz","台",2,{"v":7000,"d":"7000.00"},{"v":14000,"d":"14000.00"}]
[7,"消防炮塔","1.型 号：PT8\n上平台高度：8 m\n配用泡沫消防炮：PLKD48\n泡沫消防炮管路：DN150\n下平台高度：5.5m\n配用消防水炮：PSKD50\n消防水炮管路：DN150\n水幕冷却额定流量：6L/S","台",2,{"v":80000,"d":"80000.00"},{"v":160000,"d":"160000.00"}]
[8,"手动、电动式水消防炮","型 号：PSKD50\n工作介质：消防水\n射流形式：直流/喷雾，电控调节\n额定流量：50L/S\n额定工作压力：0.8MPa\n工作压力范围：0.5～1.2MPa\n射 程：≥70m\n喷射反力：1.97 KN\n俯仰回转角度：-70°～ +70°\n水平回转角度：≥270°\n电 源：AC380V/50HZ\n功 率：1.1kW\n防护等级：IP65\n防爆等级：EXd ⅡBT4\n进口法兰：DN100","台",2,{"v":65000,"d":"65000.00"},{"v":130000,"d":"130000.00"}]
[9,"手动、电动式泡沫消防炮","型 号：PLKD48\n工作介质：水成膜泡沫液\n射流形式：直流/喷雾，电控调节\n额定流量：48L/S\n额定工作压力：0.8MPa\n工作压力范围：0.5MPa～1.2MPa\n射 程：≥60m\n喷射反力：1.96KN\n俯仰回转角度：-70°～ +70°\n水平回转角度：≥270°\n电 源：AC380V/50HZ\n功 率：1.1KW\n防护等级：IP65\n防爆等级：ExdⅡBT4\n进口法兰：DN100","台",2,{"v":65000,"d":"65000.00"},{"v":130000,"d":"130000.00"}]
[10,"船用空气泡沫枪","1.类型:PQ8\n2.型号、规格:使用压力：0.6～0.8MPa\n混合液量：8L/S\n泡沫射远：25m\n混合比：3%1.接口尺寸：DN65；\n2．配长 20m 通径 DN65 的水\n龙带 2 根，两端配齐接头","台",2,{"v":3500,"d":"3500.00"},{"v":7000,"d":"7000.00"}]
[11,"水幕供水泵","1.名称:水幕供水泵\n2.型号:250CWS-6\n3.规格:流 量：370m 3 /h\n扬 程：69.5m\n汽蚀余量：2.7m\n转 速：1480r/min\n配套电机：Y315M-4H　电机功率：132kW\n电 制：380V/50Hz\n4.质量:163","台",2,{"v":48000,"d":"48000.00"},{"v":96000,"d":"96000.00"}]
[12,"液压伸缩回转起重机","1.名称:液压伸缩回转起重机 \n2.型号:15kN\n3.质量:工作半径：3.5-12 米\n起升速度：15m/min\n起升高度：30 m\n回转速度：0.6 r/min\n回转角度：360°\n变幅时间：60 s\n变幅角度：70°\n电 机：YB160L-4-H\n功 率：15 kW\n电 制：AC380V/50HZ\n防护等级：IP55\n防爆等级：ExdⅡBT4","台",1,{"v":210000,"d":"210000.00"},{"v":210000,"d":"210000.00"}]
[{"$nulls":6},{"$f":"SUM(G3:G14)","v":{"v":1531000,"d":"1531000.00"}}]

{"sheet":"Sheet3","index":1,"n_rows":0,"n_cols":0,"rows_kept":0}